Villes de l'Yonne en images - Statistiques

Statistiques générales
  • Ce quiz a été pris 63 fois
  • Le résultat moyen est 7 sur 18
Statistiques - réponses
Par images Hint Réponse % Correct
A Auxerre
100%
S Sens
93%
A Avallon
76%
T Tonnerre
71%
J Joigny
66%
V Vézelay
59%
M Migennes
37%
P Pontigny
34%
N Noyers
32%
P Pont-sur-Yonne
32%
V Villeneuve-sur-Yonne
29%
T Tanlay
24%
T Toucy
22%
T Treigny-Perreuse-Sainte-Colombe
12%
C Charny Orée de Puisaye
8%
V Villeneuve-l'Archevêque
8%
M Mailly-le-Château
7%
R Ravières
2%
Aucun quiz correspondant
Distribution des résultats
% des personnes avec chaque résultat
Percentile par nombre de réponses
Votre historique - résultats
Vous n’avez pas pris ce quiz